|
|
|
|
| LEADER |
00933cam a2200265 7i4500 |
| 001 |
0000130879 |
| 005 |
20180718090000.0 |
| 008 |
180527s2008 njua x 0 eng |
| 020 |
# |
0 |
|a 9780470293331
|
| 020 |
# |
0 |
|a 0470293330
|
| 040 |
# |
# |
|a Ohiolink
|
| 090 |
0 |
0 |
|a TP 155
|b .A4 2008
|
| 100 |
1 |
# |
|a Allcock, Harry R.
|e author
|
| 245 |
1 |
0 |
|a Introduction to materials chemistry
|c Harry R. Allcock.
|
| 264 |
# |
1 |
|a Hoboken, United States:
|b Wiley-Blackwell,
|c 2008.
|
| 264 |
# |
4 |
|c ♭ 2008.
|
| 300 |
# |
# |
|a xviii, 432 pages:
|b illustrations (some colour);
|c 26 cm..
|
| 336 |
# |
# |
|a text
|2 rdacontent
|
| 337 |
# |
# |
|a unmediated
|2 rdamedia
|
| 338 |
# |
# |
|a volume
|2 rdacarrier
|
| 504 |
0 |
0 |
|a Includes bibliographical references and index
|
| 590 |
# |
# |
|a Pusat Pengajian Sains Asas
|
| 650 |
0 |
0 |
|a Chemical engineering
|
| 999 |
|
|
|a 1100102705
|b Book
|c Open Shelf
|e KOLEKSI TERBUKA
|
| 999 |
|
|
|a 1100102704
|b Book
|c Koleksi Buku Berbintik Merah (Red Spot)
|e KOLEKSI KHAS
|